HANDBOOK OF DEBT SECURITIES AND INTEREST RATE D (Record no. 35139)
[ view plain ]
| 000 -LEADER | |
|---|---|
| fixed length control field | 00272nam a2200109Ia 4500 |
| 008 - FIXED-LENGTH DATA ELEMENTS--GENERAL INFORMATION | |
| fixed length control field | 240625s9999 xx 000 0 und d |
| 041 ## - LANGUAGE CODE | |
| Language code of text/sound track or separate title | eng |
| 082 ## - DEWEY DECIMAL CLASSIFICATION NUMBER | |
| Classification number | 632.632283 RAJ |
| 100 ## - MAIN ENTRY--PERSONAL NAME | |
| Personal name | RAJWADE A V |
| 245 ## - TITLE STATEMENT | |
| Title | HANDBOOK OF DEBT SECURITIES AND INTEREST RATE D |
| 260 ## - PUBLICATION, DISTRIBUTION, ETC. | |
| Date of publication, distribution, etc. | 2014 |
| Withdrawn status | Lost status | Damaged status | Not for loan | Home library | Current library | Shelving location | Date acquired | Full call number | Barcode | Date last seen | Price effective from | Koha item type |
|---|---|---|---|---|---|---|---|---|---|---|---|---|
| IMTN | IMTN | Rack 19-B | 03/29/2016 | 632.632283 RAJ | CD2167 | 06/25/2024 | 06/25/2024 | CD |